00299nam a22000977a 4500082001800000100002600018245006500044260005500109300000900164650002800173 aN11X5411 B469 aBhuyan, Suryya Kumar  aThe Military System in Mediaeval Assamcby Chaturvedi, T. N. aGuwahatibThe Centenary Celebration Commiteec2010 a48p. aMillitary Policy- India